Países de 10 o más letras - Estadísticas

Estadísticas generales
  • Esta prueba ha sido intentada 68 veces
  • La puntuación promedio es 12 de 19
Estadísticas de respuestas
Hint Respuesta % Correcto
19. Uzbekistán
95%
18. Turkmenistán
91%
1. Afganistán
87%
6. Kazajistán
87%
17. Tayikistán
84%
7. Kirguistán
80%
2. Azerbaiyán
76%
4. Bielorrusia
71%
14. Mozambique
71%
8. Liechtenstein
65%
9. Luxemburgo
62%
10. Madagascar
62%
11. Mauritania
62%
5. Eslovaquia
49%
12. Micronesia
45%
13. Montenegro
45%
16. Suazilandia
40%
3. Bangladesh
38%
15. Seychelles
31%
No se encontraron pruebas coincidentes
Distribución de puntuación
Porcentaje de gente con cada puntuación
Porcentaje por número respondido
Historial de tus puntuaciones
No has intentado esta prueba.